000 00946nam a22002531u 4500
001 04752
003 HDC
007 cr bn ---aaaaa
008 210117p2013 fo d 00 mayg
040 _aHDC
245 0 _aAnalisis Keprihatinan Pengguna Muslim Terhadap Isu Halal-Haram Produk Melalui Pembentukan Indeks / oleh
_cNor Aini Haji Idris and Mohd Ali Mohd Noor
260 _a[no place] :
_b [publisher not identified] ,
_c2013
300 _a 1 online resource (14 pages)
336 _atext
_2rdacontent
337 _acomputer
_2rdamedia
338 _aonline resource
_2rdacarrier
650 _aPengguna Muslim
_94968
650 _aProduk halal
_94967
700 _aMohd Ali Mohd Noor
_eauthor
_91027
856 _zRequest full-text at [email protected]
942 _2lcc
942 _cCONP
942 _kJART 001216
999 _c2077
_d2077